| 000 | 01130nam a2200289 i 4500 | ||
|---|---|---|---|
| 001 | 98724 | ||
| 003 | ES-MaACL | ||
| 005 | 20250624062917.0 | ||
| 007 | t| | ||
| 008 | 051021s1966 sp ||||1| spa d | ||
| 080 | _a75 Bartolini, Sigfrido (083.82) | ||
| 100 | 1 |
_aBartolini, Sigfrido. _926156 |
|
| 245 | 1 | 0 |
_aSigfrido Bartolini _b: [exposición, Sala del Prado del Ateneo de Madrid, febrero de 1966] / _c[Textos: Vintila Horia, Aniceto del Massa]. |
| 260 |
_a[Madrid] : _bPublicaciones Españolas, _c[1966] |
||
| 300 |
_a[20] p. : _bil. ; _c28 cm. |
||
| 490 | 1 |
_aCuadernos de arte. Colección ordinaria ; _v214 |
|
| 600 | 1 | 4 |
_aBartolini, Sigfrido- _vExposiciones. _926157 |
| 610 | 2 | 7 |
_aAteneo de Madrid- _vExposiciones- _y1960-1969. _91920 |
| 655 | 7 |
_2tgfbne _9193628 _aCatálogos de exposiciones |
|
| 700 | 1 |
_aHoria, Vintila ( _d1915-1992) _964193 |
|
| 700 | 1 |
_aDel Massa, Aniceto. _943270 |
|
| 710 | 2 |
_aAteneo de Madrid. _bSala del Prado. _91965 |
|
| 830 | 0 |
_aCuadernos de arte. Colección ordinaria _v214 _9180064 |
|
| 852 |
_aES-MaACL _j2196-F-15 _bR.136205 _9102394 |
||
| 942 | _2udc | ||
| 999 |
_c98724 _d98724 |
||